| 000 | 00623nam a22002057a 4500 | ||
|---|---|---|---|
| 999 |
_c3372 _d3372 |
||
| 003 | OSt | ||
| 005 | 20231123094721.0 | ||
| 008 | 231123b ||||| |||| 00| 0 eng d | ||
| 020 | _a9789810623470 | ||
| 040 | _cKH8 | ||
| 082 | _a428.2076 LOW | ||
| 100 |
_aLow, Christina, _eauthor. |
||
| 245 |
_aGrammar in Context : _bSecondary 1 / _cChristina Low. |
||
| 260 |
_aSingapore ; _bPearson Education South Asia Pte Ltd, _c2010. |
||
| 300 |
_a93 pages : _billustrations ; _c27 cm. |
||
| 650 |
_aEnglish language _vGrammar |
||
| 650 |
_aProblem _vExercises |
||
| 650 |
_aEnglish language _vStudy and Teaching |
||
| 942 |
_2ddc _cNFIC |
||